<?xml version="1.0" encoding="UTF-8"?>
<record
    xmlns:xsi="http://www.w3.org/2001/XMLSchema-instance"
    xsi:schemaLocation="http://www.loc.gov/MARC21/slim http://www.loc.gov/standards/marcxml/schema/MARC21slim.xsd"
    xmlns="http://www.loc.gov/MARC21/slim">

  <leader>00940nam a22002177a 4500</leader>
  <datafield tag="999" ind1=" " ind2=" ">
    <subfield code="c">26236</subfield>
    <subfield code="d">26236</subfield>
  </datafield>
  <controlfield tag="005">20200213115634.0</controlfield>
  <datafield tag="010" ind1=" " ind2=" ">
    <subfield code="a">B-327433   UR-7489</subfield>
  </datafield>
  <datafield tag="020" ind1=" " ind2=" ">
    <subfield code="a">9788182234444</subfield>
    <subfield code="c">175.00</subfield>
  </datafield>
  <datafield tag="035" ind1=" " ind2=" ">
    <subfield code="a">B-327433</subfield>
  </datafield>
  <datafield tag="035" ind1=" " ind2=" ">
    <subfield code="a">U-6044</subfield>
  </datafield>
  <datafield tag="037" ind1=" " ind2=" ">
    <subfield code="b">&#x627;&#x64A;&#x62C;&#x648;&#x6A9;&#x64A;&#x634;&#x646;&#x644; &#x67E;&#x628;&#x644;&#x634;&#x646;&#x6AF; &#x6C1;&#x627;&#x624;&#x633;</subfield>
  </datafield>
  <datafield tag="082" ind1=" " ind2=" ">
    <subfield code="a">843.08</subfield>
  </datafield>
  <datafield tag="100" ind1=" " ind2=" ">
    <subfield code="a">&#x635;&#x627;&#x62D;&#x628; &#x639;&#x644;&#x6CC;</subfield>
  </datafield>
  <datafield tag="245" ind1=" " ind2=" ">
    <subfield code="a">&#x627;&#x631;&#x62F;&#x648; &#x627;&#x641;&#x633;&#x627;&#x646;&#x648;&#x6BA; &#x6A9;&#x627; &#x62A;&#x62C;&#x632;&#x64A;&#x627;&#x62A;&#x6CC; &#x645;&#x637;&#x627;&#x644;&#x639;&#x6C1; /</subfield>
    <subfield code="c">&#x635;&#x627;&#x62D;&#x628; &#x639;&#x644;&#x6CC;</subfield>
  </datafield>
  <datafield tag="246" ind1=" " ind2=" ">
    <subfield code="a">Urdu Afsanon Ka Tajziyati Mutailah /</subfield>
    <subfield code="b">by Saheb Ali</subfield>
  </datafield>
  <datafield tag="260" ind1=" " ind2=" ">
    <subfield code="a">&#x62F;&#x644;&#x651;&#x6CC;</subfield>
    <subfield code="b">&#x627;&#x64A;&#x62D;&#x648;&#x6A9;&#x64A;&#x634;&#x646;&#x644; &#x67E;&#x628;&#x644;&#x634;&#x646;&#x6AF; &#x6C1;&#x627;&#x624;&#x633;</subfield>
    <subfield code="c">2008 &#x621;</subfield>
  </datafield>
  <datafield tag="270" ind1=" " ind2=" ">
    <subfield code="a">3108&#x60C;&#x6AF;&#x644;&#x6CC; &#x648;&#x6A9;&#x64A;&#x644;&#x60C;&#x6A9;&#x648;&#x686;&#x6C1; &#x67E;&#x646;&#x688;&#x62A; &#x644;&#x627;&#x644; &#x6A9;&#x646;&#x648;&#x627;&#x6BA;</subfield>
    <subfield code="b">&#x62F;&#x644;&#x651;&#x6CC;</subfield>
    <subfield code="e">110006</subfield>
  </datafield>
  <datafield tag="300" ind1=" " ind2=" ">
    <subfield code="a">180p.</subfield>
    <subfield code="b">22cm(Hb)</subfield>
  </datafield>
  <datafield tag="942" ind1=" " ind2=" ">
    <subfield code="2">ddc</subfield>
    <subfield code="c">UR</subfield>
    <subfield code="h">843.08</subfield>
    <subfield code="m">&#x635; &#x627; &#x62D;</subfield>
  </datafield>
  <datafield tag="952" ind1=" " ind2=" ">
    <subfield code="0">0</subfield>
    <subfield code="1">0</subfield>
    <subfield code="4">0</subfield>
    <subfield code="7">0</subfield>
    <subfield code="8">NFIC</subfield>
    <subfield code="a">L</subfield>
    <subfield code="b">L</subfield>
    <subfield code="d">2009-05-11</subfield>
    <subfield code="e">Educational Publishing House /2250/20.03.09/2:23/13.03.09/09.04.09300.00</subfield>
    <subfield code="g">175.00</subfield>
    <subfield code="l">3</subfield>
    <subfield code="m">1</subfield>
    <subfield code="o">843.08 &#x635; &#x627; &#x62D;</subfield>
    <subfield code="p">B-327433</subfield>
    <subfield code="r">2022-12-09 00:00:00</subfield>
    <subfield code="s">2022-12-09</subfield>
    <subfield code="t">1</subfield>
    <subfield code="v">175.00</subfield>
    <subfield code="y">UR</subfield>
  </datafield>
  <datafield tag="952" ind1=" " ind2=" ">
    <subfield code="0">0</subfield>
    <subfield code="1">0</subfield>
    <subfield code="2">ddc</subfield>
    <subfield code="4">0</subfield>
    <subfield code="7">1</subfield>
    <subfield code="8">NFIC</subfield>
    <subfield code="a">DBAD</subfield>
    <subfield code="b">DBAD</subfield>
    <subfield code="d">2009-08-22</subfield>
    <subfield code="e">DBAD /PUB</subfield>
    <subfield code="g">175.00</subfield>
    <subfield code="l">0</subfield>
    <subfield code="o">843.08 &#x635; &#x627;&#x62D;</subfield>
    <subfield code="p">U-6044</subfield>
    <subfield code="r">2009-08-22 00:00:00</subfield>
    <subfield code="t">1</subfield>
    <subfield code="v">175.00</subfield>
    <subfield code="w">2009-08-22</subfield>
    <subfield code="y">UR</subfield>
  </datafield>
</record>
